| 000 | 00677nam a2200217Ia 4500 | ||
|---|---|---|---|
| 005 | 20250508163706.0 | ||
| 008 | 008 250505s9999 xx 000 0 eng d | ||
| 020 | _a0-8039-6095-6 | ||
| 037 | _aTextual | ||
| 040 |
_aFEDL _beng _cFEDL |
||
| 041 |
_aeng _2eng |
||
| 084 |
_a371.102, BRU _qFEDL |
||
| 100 |
_aBrubacher John W _9622150 |
||
| 245 | 0 | _aBecoming a reflective educator : How to build a culture of inquiry in the schools | |
| 260 |
_aThousand Oaks, USA _bCorwin Press, Inc _c1994 |
||
| 300 | _axiv,144p | ||
| 650 | _aTeaching | ||
| 700 |
_a Case Charles W Reagan Timothy G _9776008 |
||
| 942 |
_cTEXL _h371.102, BRU |
||
| 999 |
_c1384735 _d1384735 |
||